Odgadnij miasto województwa wielkopolskiego po obrazku - Statystyki

Ogólne statystyki
  • Ten quiz został rozwiązany 14 razy
  • Średni wynik to 9 z 32
Statystyki odpowiedzi
Obrazkowy Odpowiedź % Poprawnych
Poznań
71%
Nowy Tomyśl
57%
Gniezno
43%
Leszno
43%
Pleszew
43%
Czarnków
29%
Grodzisk Wielkopolski
29%
Jarocin
29%
Kalisz
29%
Kępno
29%
Koło
29%
Konin
29%
Międzychód
29%
Oborniki
29%
Ostrów Wielkopolski
29%
Ostrzeszów
29%
Piła
29%
Śrem
29%
Środa Wielkopolska
29%
Szamotuły
29%
Wągrowiec
29%
Wolsztyn
29%
Chodzież
14%
Gostyń
14%
Krotoszyn
14%
Rawicz
14%
Słupca
14%
Trzcianka
14%
Turek
14%
Złotów
14%
Kościan
0%
Września
0%
Nie znaleziono quizów pasujących do podanych kryteriów
Rozkład punktacji
Procent ludzi z każdym wynikiem
Percentyl według liczby udzielonych odpowiedzi
Twoja historia wyników
Nie rozwiązałeś tego quizu